Edges of the Pacific Plate - Statistics

General Stats
  • This quiz has been taken 3 times
  • The average score is 5 of 22
Answer Stats
Type of plate boundary Bordering Plate Answer % Correct
Subduction North American Aleutian Trench
67%
Subduction Eurasian Japan Trench
67%
Subduction North American Kuril Trench
67%
Subduction Philippine Mariana Trench
67%
Rift Cocos East Pacific Rise
33%
Transform Australian Fiji Fault
33%
Rift Juan de Fuca Juan de Fuca Ridge
33%
Transform North American San Andreas Fault
33%
Subduction Australian Tonga Trench
33%
Subduction Australian Vanuatu Trench
33%
Transform Australian Alpine Fault
0%
Rift Nazca East Pacific Rise
0%
Rift North American Gulf of California Rift
0%
Subduction Philippine Izu-Bonin Trench
0%
Subduction Australian Kermadec Trench
0%
Subduction North Bismarck Kilinailai Trench
0%
Transform Australian Macquarie Fault
0%
Subduction Caroline Mussau Trench
0%
Subduction Australian New Britain Trench
0%
Ruft Antarctic Pacific-Antarctic Ridge
0%
Transform North American Queen Charlotte Fault
0%
Transform Caroline Sorol Trough
0%
No matching quizzes found
Score Distribution
Percent of People with Each Score
Percentile by Number Answered
Your Score History
You have not taken this quiz